Dc Batman Anti hero/Villain real name to villain name - Statistics

General Stats
  • This quiz has been taken 142 times
    117 since last reset
  • The average score is 21 of 28
Answer Stats
Hint Answer % Correct
Selina Kyle Catwoman
100%
Harleen Quinzel Harley Quinn
99%
Harvey Dent Two face
99%
Oswald Chesterfield Cobblepot Penguin
97%
Eddie nashton/ Edward nigma Riddler
97%
Pamela Isley Poison Ivy
96%
Jason todd Red hood
96%
Jack Napier Joker
95%
Jonathan crane Scarecrow
89%
Basil Karlo Clayface
88%
Slade Wilson Deathstroke
88%
Thomas Elliot Hush
87%
Waylon Jones Killer Croc
87%
Floyd Lawton Deadshot
84%
Jervis tetch Mad Hatter
84%
Roman Sionis Black mask
76%
Julian Day Calendar man
72%
Garfield Lynns Firefly
72%
Kirk Langstrom Man Bat
71%
Eduardo Dorrance Bane
57%
Victor Fries Mister freeze
57%
Cyrus gold Solomon Grundy
55%
Lazlo Valentin Professor Pyg
49%
Lonnie Machin Anarky
40%
Warren white Great white shark
40%
Arnold wesker Ventriloquist
40%
Otis Flannegan Ratcatcher
27%
Alex Sartorius Doctor phosphorus
12%
No matching quizzes found
Score Distribution
Percent of People with Each Score
Percentile by Number Answered
Your Score History
You have not taken this quiz since the last reset